[Event "39th Olympiad Women"]
[Site "Khanty-Mansiysk RUS"]
[Date "2010.09.25"]
[Round "5"]
[White "Mrvova, Alena"]
[Black "Ubaldo Suarez, Maria Gisela"]
[Result "1-0"]
[WhiteTitle "WIM"]
[BlackTitle "WIM"]
[WhiteElo "2253"]
[BlackElo "2054"]
[Board "31.3"]
[WhiteTeam "SVK"]
[BlackTeam "VEN"]
[WhiteFideId "14902036"]
[BlackFideId "3900630"]
[EventDate "2010.09.21"]
[EventType "team"]

1. e4 c5 2. Nf3 g6 3. d4 cxd4 4. Nxd4 Nf6 5. Nc3 Bg7 6. Nb3 Nc6 7. Be2 O-O 8.
O-O d6 9. Kh1 Be6 10. Bg5 Rc8 11. f4 Na5 12. f5 Bc4 13. Bd3 Nxb3 14. axb3 Bxd3
15. cxd3 a6 16. Qe2 Qd7 17. d4 h6 18. Bh4 Rc6 19. Rad1 Rb6 20. e5 Ne8 21. Nd5
Qb5 22. Qf3 g5 23. Nxe7+ Kh8 24. f6 Bxf6 25. exf6 gxh4 26. d5 Qxb3 27. Qf4 Kh7
28. Nf5 1-0

[Event "39th Olympiad Women"]
[Site "Khanty-Mansiysk RUS"]
[Date "2010.09.25"]
[Round "5"]
[White "Rincon Gonzalez, Liliam Esther"]
[Black "Machalova, Veronika"]
[Result "0-1"]
[BlackTitle "WFM"]
[WhiteElo "1870"]
[BlackElo "2229"]
[Board "31.4"]
[WhiteTeam "VEN"]
[BlackTeam "SVK"]
[WhiteFideId "3901963"]
[BlackFideId "14904888"]
[EventDate "2010.09.21"]
[EventType "team"]

1. e4 c5 2. Nf3 d6 3. d3 Nc6 4. g3 g6 5. Bg2 Bg7 6. O-O e6 7. c3 Nge7 8. Re1 O-O
9. d4 e5 10. dxc5 dxc5 11. Na3 h6 12. Nc4 Be6 13. Ne3 f5 14. Qe2 Qe8 15. exf5
gxf5 16. Nc4 e4 17. Nh4 Bd5 18. Bf4 Qd7 19. Ne3 Rad8 20. Red1 Qe6 21. Bh3 Ne5
22. Bxe5 Qxe5 23. Nxd5 Rxd5 24. Qc4 Rd8 25. Rxd5 Qxd5 26. Qxd5+ Rxd5 27. Kf1 Bf6
28. Ng2 Rd2 29. Rb1 Bg5 30. Ke1 Kg7 31. Nf4 Bxf4 32. gxf4 Rd5 33. Ke2 Kf6 34. f3
exf3+ 35. Kxf3 Rd3+ 36. Kg2 Nd5 0-1

[Event "39th Olympiad Women"]
[Site "Khanty-Mansiysk RUS"]
[Date "2010.09.25"]
[Round "5"]
[White "Emad, Tania"]
[Black "Samaganova, Alexandra"]
[Result "1/2-1/2"]
[WhiteElo "1955"]
[BlackElo "2080"]
[Board "32.1"]
[WhiteTeam "JOR"]
[BlackTeam "KGZ"]
[WhiteFideId "8102007"]
[BlackFideId "13800221"]
[EventDate "2010.09.21"]
[EventType "team"]

1. d4 Nf6 2. Nf3 e6 3. Bg5 b6 4. e3 Bb7 5. Nbd2 Be7 6. Bd3 d6 7. O-O Nbd7 8. e4
O-O 9. Qe2 e5 10. c3 Ne8 11. Be3 Bf6 12. d5 g6 13. Bh6 Bg7 14. Bxg7 Nxg7 15. Ba6
Bxa6 16. Qxa6 f5 17. Rfe1 Nh5 18. Qe2 Nf4 19. Qb5 Nf6 20. c4 Ng4 21. Qb3 Qf6 22.
h3 Nh6 23. Re3 Nf7 24. Rc1 Ng5 25. Rcc3 Kh8 26. Qd1 Nf7 27. b4 a5 28. a3 axb4
29. axb4 Ra2 30. Ra3 Ra8 31. Rxa8+ Rxa8 32. Kh2 Nh5 33. Qc1 Ng5 34. exf5 Qxf5
35. Ra3 Rf8 36. Qe1 Qf4+ 37. Kg1 Qf6 38. Ne4 Nxe4 39. Qxe4 Nf4 40. Kh2 Qe7 1/2-1/2

[Event "39th Olympiad Women"]
[Site "Khanty-Mansiysk RUS"]
[Date "2010.09.25"]
[Round "5"]
[White "Ostry, Irina"]
[Black "Alattar, Ghayda M."]
[Result "1-0"]
[WhiteTitle "WIM"]
[BlackTitle "WFM"]
[WhiteElo "2197"]
[BlackElo "1891"]
[Board "32.2"]
[WhiteTeam "KGZ"]
[BlackTeam "JOR"]
[WhiteFideId "13800060"]
[BlackFideId "8101531"]
[EventDate "2010.09.21"]
[EventType "team"]

1. e4 e6 2. d4 d5 3. e5 c5 4. c3 Qb6 5. Nf3 Bd7 6. Be2 Bb5 7. O-O Bxe2 8. Qxe2
cxd4 9. cxd4 Nc6 10. Nc3 Nge7 11. Be3 Ng6 12. h4 h5 13. g3 Be7 14. Rfd1 f6 15.
Rac1 Kf7 16. a3 Na5 17. Na4 Qd8 18. exf6 gxf6 19. Nd2 Qd6 20. b4 Nc6 21. Nc5
Rab8 22. Nf3 Bd8 23. Nd3 Bb6 24. Kf1 Rbe8 25. Nc5 Re7 26. Qc2 Rc7 27. Qd2 a6 28.
Qd3 Na7 29. Rc2 Nc8 30. Re2 Re7 31. a4 a5 32. Rb1 axb4 33. Rxb4 Qd8 34. Reb2 Rh7
35. Qb1 Bxc5 36. dxc5 Rg7 37. Rxb7 Qa5 38. Qc2 Qa6+ 39. Qe2 Qxa4 40. Nd4 Qa1+
41. Rb1 Qa4 42. R7b4 Qa3 43. Qxh5 Qc3 44. Ne2 Qd3 45. Rb8 Na7 46. Bh6 Nc6 47.
R8b3 Qc4 48. Bxg7 Kxg7 49. Rc3 Qe4 50. Rd1 Nce5 51. f4 Nc4 52. Qf3 Qxf3+ 53.
Rxf3 Rc7 54. Nd4 Kf7 55. Nxe6 Kxe6 56. f5+ Kf7 57. fxg6+ Kxg6 58. Rxd5 Ne5 59.
Rc3 Kf5 60. Kg2 Ke4 61. Rd6 Kf5 62. c6 Kg6 63. Rc5 Kf7 64. Rxe5 fxe5 65. Rd7+
Rxd7 66. cxd7 Ke7 67. h5 1-0

[Event "39th Olympiad Women"]
[Site "Khanty-Mansiysk RUS"]
[Date "2010.09.25"]
[Round "5"]
[White "Dahdal, Lougain"]
[Black "Tilenbaev, Baktygul"]
[Result "1/2-1/2"]
[WhiteElo "1885"]
[BlackElo "1944"]
[Board "32.3"]
[WhiteTeam "JOR"]
[BlackTeam "KGZ"]
[WhiteFideId "8102880"]
[BlackFideId "13800639"]
[EventDate "2010.09.21"]
[EventType "team"]

1. d4 d5 2. c4 e6 3. Nc3 Nf6 4. Nf3 Nbd7 5. Bg5 c6 6. e3 Qa5 7. Nd2 Bb4 8. Qc2
Ne4 9. Ndxe4 dxe4 10. Bh4 g5 11. Bg3 f5 12. h4 g4 13. Be2 O-O 14. Qb3 c5 15. Bd6
Rf7 16. a3 Bxc3+ 17. Qxc3 Qxc3+ 18. bxc3 b6 19. f3 exf3 20. gxf3 Bb7 21. Rg1 h5
22. a4 Rc8 23. a5 Kh7 24. Kf2 Rc6 25. Bf4 Rc8 26. axb6 axb6 27. Ra7 Nf6 28. Be5
Kg6 29. Bxf6 Kxf6 30. f4 Be4 31. Rga1 Rxa7 32. Rxa7 Ra8 33. Rxa8 Bxa8 34. Bd1
Be4 35. Bb3 Ke7 36. Ba4 Bd3 37. Bb5 Bc2 38. d5 Bd3 39. dxe6 Kxe6 40. Kg3 Ke7 41.
Kf2 Be4 42. Ba4 Bb7 43. Bc2 Bc8 44. e4 fxe4 45. Bxe4 Kf6 46. Bc6 Bf5 47. Ke3 Bg6
48. Kf2 Bf7 49. Bb5 Ke7 50. Kg3 Be8 51. Ba6 Bd7 52. Bb7 Be6 53. Ba6 Kf6 54. Bb5
Bf7 55. Ba6 Kf5 56. Bb5 Ke4 57. Bd7 Kd3 58. f5 Bxc4 59. Be6 Ke4 60. Bxc4 Kxf5
61. Bd3+ Ke5 62. Bb5 Ke4 63. Be8 Kd3 64. Bxh5 Kxc3 65. Bg6 Kd4 66. Kf4 Kd5 67.
h5 Ke6 68. Kg5 g3 69. Be4 Kf7 70. Kh6 Kg8 71. Kg5 c4 72. Kg4 Kg7 73. Kxg3 b5 74.
Kf2 b4 75. Bd5 c3 76. Bb3 Kh6 77. Ke3 Kxh5 1/2-1/2

[Event "39th Olympiad Women"]
[Site "Khanty-Mansiysk RUS"]
[Date "2010.09.25"]
[Round "5"]
[White "Milovic, Aleksandra"]
[Black "Neo, Xiuwen Christabel"]
[Result "0-1"]
[WhiteTitle "WFM"]
[WhiteElo "2182"]
[BlackElo "1846"]
[Board "33.2"]
[WhiteTeam "MNE"]
[BlackTeam "SIN"]
[WhiteFideId "933988"]
[BlackFideId "5801494"]
[EventDate "2010.09.21"]
[EventType "team"]

1. f4 d5 2. Nf3 Nf6 3. b3 b6 4. e3 Bb7 5. Bb2 e6 6. Bb5+ c6 7. Be2 Be7 8. d3 c5
9. Nbd2 Nc6 10. Ne5 d4 11. Bf3 Nd5 12. Bxd5 Qxd5 13. e4 Qd8 14. Nxc6 Bxc6 15.
Qg4 O-O 16. O-O f5 17. Qe2 Rf6 18. Rae1 Rg6 19. Nf3 Bd6 20. Bc1 a6 21. Bd2 fxe4
22. Ng5 e3 23. Qh5 Rh6 24. Qf7+ Kh8 25. Bxe3 dxe3 26. Rxe3 Rf6 27. Qh5 Qg8 28.
Rxe6 Raf8 29. Rfe1 Bxf4 30. Rxc6 Be3+ 0-1

[Event "39th Olympiad Women"]
[Site "Khanty-Mansiysk RUS"]
[Date "2010.09.25"]
[Round "5"]
[White "Misovic, Sanja"]
[Black "Lo, Yin Ling Melissa"]
[Result "0-1"]
[WhiteElo "1861"]
[BlackElo "1814"]
[Board "33.4"]
[WhiteTeam "MNE"]
[BlackTeam "SIN"]
[WhiteFideId "900575"]
[BlackFideId "5801001"]
[EventDate "2010.09.21"]
[EventType "team"]

1. d4 d5 2. c4 e6 3. Nc3 Nf6 4. Bg5 h6 5. Bxf6 gxf6 6. cxd5 exd5 7. Qb3 c6 8. e3
Nd7 9. Bd3 Bg7 10. Nf3 Nf8 11. Nh4 Ne6 12. Nf5 Rg8 13. O-O-O Bf8 14. e4 Nf4 15.
exd5 Qb6 16. Rhe1+ Kd8 17. Qc4 Qb4 18. Qxb4 Bxb4 19. Nxh6 Rxg2 20. Nxf7+ Kc7 21.
dxc6 bxc6 22. Re4 Rxf2 23. d5 Bf8 24. dxc6 Be6 25. Bc4 Bg4 26. Nd5+ Nxd5 27.
Rxg4 Ne3 28. Rd7+ Kxc6 29. Rgd4 Nxc4 30. Rd8 Rxd8 31. Nxd8+ Kb5 32. a4+ Kb4 33.
h4 Bh6+ 34. Kd1 Rxb2 35. Rd7 Rd2+ 36. Rxd2 Nxd2 37. Nc6+ Kxa4 38. Nxa7 Nf3 39.
h5 Ng5 40. Nc6 Bf8 41. Nd4 Kb4 42. Ke2 Kc4 43. Nf5 Nf7 44. Kf3 Kd5 45. Kf4 Bh6+
46. Kg4 Bg5 47. Ng3 Ke5 48. Kf3 Bh4 49. Ne2 Kf5 50. Nc3 Kg5 51. Ne4+ Kxh5 52.
Nxf6+ Bxf6 53. Kf4 Nd6 54. Ke3 Kg5 55. Kf3 Bd4 56. Ke2 Kf4 57. Kd3 Be5 58. Ke2
Ke4 59. Kd2 Nc4+ 60. Kc2 Kd4 61. Kb3 Bd6 62. Kc2 Bb4 63. Kb3 Bc3 64. Ka4 Nd6 65.
Kb3 Nb5 66. Ka4 Nc7 67. Kb3 Kd3 68. Ka3 Kc4 69. Ka4 Nd5 70. Ka3 Nb4 71. Ka4 Nd3
72. Ka3 Bb4+ 73. Ka2 Kc3 74. Kb1 Kb3 75. Ka1 Kc2 76. Ka2 Nc1+ 0-1

[Event "39th Olympiad Women"]
[Site "Khanty-Mansiysk RUS"]
[Date "2010.09.25"]
[Round "5"]
[White "Basnayake, I.U."]
[Black "Latreche, Sabrina"]
[Result "1-0"]
[BlackTitle "WFM"]
[WhiteElo "1746"]
[BlackElo "1951"]
[Board "34.1"]
[WhiteTeam "SRI"]
[BlackTeam "ALG"]
[WhiteFideId "9901698"]
[BlackFideId "7901798"]
[EventDate "2010.09.21"]
[EventType "team"]

1. e4 e5 2. Nf3 Nc6 3. Bb5 Nge7 4. O-O g6 5. d3 Bg7 6. a3 O-O 7. Nc3 d6 8. h3
Be6 9. Ng5 Nd4 10. Nxe6 Nxe6 11. Bc4 Qd7 12. Nd5 c6 13. Nxe7+ Qxe7 14. Qg4 h5
15. Qd1 Qh4 16. Bxe6 fxe6 17. Be3 Qe7 18. Qd2 Kh7 19. Bg5 Bf6 20. Bxf6 Qxf6 21.
Qb4 Qe7 22. Rae1 Rf4 23. Re2 Raf8 24. Qa5 a6 25. Qb4 c5 26. Qb6 g5 27. g3 Rf3
28. Kg2 Kg6 29. Qa5 h4 30. g4 Qf7 31. Qe1 Qf4 32. Re3 Rf7 33. Qe2 Rxe3 34. Qxe3
b5 35. Qxf4 exf4 36. Kf3 Kf6 37. Re1 Ke5 38. Ke2 Rc7 39. Kd2 c4 40. c3 cxd3 41.
Kxd3 a5 42. b3 Rb7 43. f3 a4 44. Rb1 axb3 45. Rxb3 d5 46. exd5 Kxd5 47. Rxb5+
Rxb5 48. c4+ Kc5 49. cxb5 Kxb5 50. Ke4 Kc4 51. a4 Kc3 52. a5 Kd2 53. a6 Ke2 54.
a7 Kf2 55. a8=Q Kg3 56. Qg8 Kxh3 57. Qxg5 Kg3 58. Qxf4+ Kg2 59. Qh6 h3 60. g5 h2
61. Qxh2+ 1-0

[Event "39th Olympiad Women"]
[Site "Khanty-Mansiysk RUS"]
[Date "2010.09.25"]
[Round "5"]
[White "Hamza, Amira"]
[Black "Senanayake, P.R."]
[Result "1-0"]
[WhiteTitle "WCM"]
[BlackTitle "WFM"]
[WhiteElo "1886"]
[BlackElo "1858"]
[Board "34.2"]
[WhiteTeam "ALG"]
[BlackTeam "SRI"]
[WhiteFideId "7901160"]
[BlackFideId "9900934"]
[EventDate "2010.09.21"]
[EventType "team"]

1. d4 Nf6 2. Nf3 e6 3. c4 d5 4. Bg5 Be7 5. Nc3 O-O 6. cxd5 exd5 7. e3 b6 8. a3
Bb7 9. Bxf6 Bxf6 10. Bd3 Be7 11. h4 c5 12. h5 Nc6 13. Ne2 Bf6 14. Qc2 h6 15.
dxc5 bxc5 16. Rd1 Qa5+ 17. Kf1 Rad8 18. Ng3 c4 19. Bf5 Qc5 20. Rc1 Ba6 21. Kg1
Rfe8 22. Ne2 Rd6 23. g4 d4 24. exd4 Nxd4 25. Nexd4 Bxd4 26. Kg2 Qd5 27. Rhe1 Rb8
28. Rcd1 Qa5 29. Qe4 Rdd8 30. Rxd4 Bb7 31. Rxd8+ Qxd8 32. Qxc4 Qh4 33. Qf4 Rd8
34. Be4 Bxe4 35. Rxe4 Qf6 36. Qxf6 gxf6 37. Re2 Rc8 38. Nh4 Rc4 39. f3 Rc1 40.
Nf5 Rc7 41. Nxh6+ Kg7 42. Nf5+ Kh7 43. Re7 1-0

[Event "39th Olympiad Women"]
[Site "Khanty-Mansiysk RUS"]
[Date "2010.09.25"]
[Round "5"]
[White "Premanath, Dinushki"]
[Black "Latreche, Khadidja"]
[Result "1-0"]
[BlackTitle "WCM"]
[WhiteElo "1853"]
[BlackElo "1815"]
[Board "34.3"]
[WhiteTeam "SRI"]
[BlackTeam "ALG"]
[WhiteFideId "9903542"]
[BlackFideId "7901780"]
[EventDate "2010.09.21"]
[EventType "team"]

1. e4 c5 2. Nf3 d6 3. d4 cxd4 4. Nxd4 Nf6 5. Nc3 g6 6. Be3 Bg7 7. f3 Nc6 8. Qd2
O-O 9. Bc4 Bd7 10. O-O-O Rb8 11. h4 b5 12. Bb3 Na5 13. h5 Nxb3+ 14. Nxb3 a5 15.
Bh6 a4 16. Nd4 b4 17. Nd5 b3 18. axb3 axb3 19. Nxb3 Rxb3 20. Bxg7 Qa8 21. cxb3
Rc8+ 22. Nc3 Kxg7 23. hxg6 fxg6 24. Qd4 Qb7 25. e5 dxe5 26. Qxe5 Be8 27. g4 Kg8
28. g5 Nh5 29. Qd5+ Qxd5 30. Rxd5 Bf7 31. Rd7 Ng3 32. Rhd1 Bxb3 33. Rd8+ Rxd8
34. Rxd8+ Kf7 35. Rb8 Be6 36. b4 Nf5 37. b5 Nd4 38. f4 Bg4 39. Kd2 Nb3+ 40. Ke3
Ke6 41. Rh8 Kd6 42. Rxh7 Na5 43. Ne4+ Ke6 44. Rh8 Kd7 45. Ra8 Nb7 46. Ra7 Kc7
47. Nc5 Bc8 48. Nxb7 Bxb7 49. Kd4 Kb6 50. Rxb7+ Kxb7 51. Kc5 Kc7 52. b6+ Kd7 53.
Kd5 e6+ 54. Ke5 Kc6 55. Kxe6 1-0

[Event "39th Olympiad Women"]
[Site "Khanty-Mansiysk RUS"]
[Date "2010.09.25"]
[Round "5"]
[White "Milligan, Helen"]
[Black "Caoili, Arianne"]
[Result "0-1"]
[WhiteTitle "WFM"]
[BlackTitle "WIM"]
[WhiteElo "2033"]
[BlackElo "2243"]
[Board "35.1"]
[WhiteTeam "NZL"]
[BlackTeam "AUS"]
[WhiteFideId "2401312"]
[BlackFideId "5201179"]
[EventDate "2010.09.21"]
[EventType "team"]

1. e4 c5 2. Nf3 e6 3. d4 cxd4 4. Nxd4 a6 5. Bd3 Bc5 6. Nb3 Be7 7. Be3 Qc7 8.
N1d2 d6 9. O-O Nf6 10. f4 Nbd7 11. Kh1 b6 12. Qe2 Bb7 13. Bg1 h5 14. h4 Ng4 15.
Nf3 e5 16. Ng5 O-O 17. Bc4 exf4 18. Nd4 Bxg5 19. hxg5 Nde5 20. Bb3 Qe7 21. Nf3
Ng6 22. Rae1 b5 23. Bd5 Rae8 24. Bxb7 Qxb7 25. Qd3 Rc8 26. c3 Qe7 27. Qd5 N4e5
28. Re2 h4 29. Bd4 Kh7 30. Kg1 f6 31. gxf6 Qxf6 32. Kf2 Nd3+ 33. Kg1 Nge5 34.
Bxe5 Nxe5 35. Rd2 Rfd8 36. Rdf2 Rc5 37. Qd1 Ng4 38. Nd4 Nxf2 39. Rxf2 Re8 40.
Nf5 Rxe4 41. Nxd6 Re6 42. Qd3+ Kg8 43. Ne4 Rxe4 44. Qxe4 Rf5 45. Qe8+ Kh7 46.
Qe4 Kh6 47. Rf3 Kg5 48. Rd3 Re5 49. Rd5 Rxd5 50. Qxd5+ Kh6 51. Qf3 Qg5 52. Qc6+
Qg6 53. Qf3 Qg3 54. Qc6+ g6 55. Qd6 Qe3+ 56. Kh2 Qg3+ 57. Kg1 Kh5 58. Qd5+ Qg5
59. Qd1+ Kh6 60. Qd6 Qf5 61. Qd8 Kh5 62. Qh8+ Kg4 63. Qd4 h3 64. Qd1+ Kh4 65.
Qe1+ Kh5 66. Qe2+ Kh6 67. Qe8 hxg2 68. Qh8+ Kg5 69. Kxg2 Qg4+ 70. Kf1 Qf3+ 71.
Kg1 Qe3+ 72. Kf1 Kg4 73. Qg8 g5 74. a4 f3 75. Qc8+ Kg3 0-1

[Event "39th Olympiad Women"]
[Site "Khanty-Mansiysk RUS"]
[Date "2010.09.25"]
[Round "5"]
[White "Nguyen, Thu Giang"]
[Black "Chen, Eachen"]
[Result "1/2-1/2"]
[BlackTitle "WCM"]
[WhiteElo "2108"]
[BlackElo "1966"]
[Board "35.2"]
[WhiteTeam "AUS"]
[BlackTeam "NZL"]
[WhiteFideId "12400980"]
[BlackFideId "4301919"]
[EventDate "2010.09.21"]
[EventType "team"]

1. e4 e6 2. d3 d5 3. Nd2 c5 4. Ngf3 Nc6 5. g3 g6 6. Bg2 Bg7 7. O-O Nge7 8. Re1
b6 9. e5 Qc7 10. Qe2 g5 11. Nxg5 Qxe5 12. Qxe5 Nxe5 13. Nc4 Nxc4 14. dxc4 Bb7
15. c3 h6 16. Nh3 O-O-O 17. cxd5 Bxd5 18. Nf4 Bxg2 19. Kxg2 h5 20. h4 Nd5 21.
Nxd5 Rxd5 22. Bg5 Bh6 23. Bxh6 Rxh6 24. Rad1 Rxd1 25. Rxd1 Rg6 26. Kf3 Kc7 27.
Kf4 f6 28. Rg1 Rg4+ 29. Ke3 f5 30. f3 f4+ 31. Kf2 fxg3+ 32. Rxg3 Rxh4 33. Rg7+
Kd6 34. Kg3 Ra4 35. a3 Ra5 36. Kf4 c4 37. Ke4 a6 38. Kd4 Rc5 39. f4 Rc7 40. Rg6
Rf7 41. Ke4 Rf5 42. Rh6 a5 43. a4 Rd5 44. Ke3 Kd7 1/2-1/2

[Event "39th Olympiad Women"]
[Site "Khanty-Mansiysk RUS"]
[Date "2010.09.25"]
[Round "5"]
[White "Fairley, Natasha"]
[Black "Dekic, Biljana N."]
[Result "1/2-1/2"]
[WhiteTitle "WFM"]
[BlackTitle "WIM"]
[WhiteElo "1777"]
[BlackElo "2104"]
[Board "35.3"]
[WhiteTeam "NZL"]
[BlackTeam "AUS"]
[WhiteFideId "4301439"]
[BlackFideId "3200493"]
[EventDate "2010.09.21"]
[EventType "team"]

1. e4 c5 2. c3 b6 3. d4 Bb7 4. Bd3 Nf6 5. f3 cxd4 6. cxd4 Nc6 7. Ne2 e6 8. O-O
d5 9. e5 Nd7 10. a3 Be7 11. Qe1 O-O 12. Be3 Na5 13. Nd2 Rc8 14. Rc1 Re8 15. Qg3
Nf8 16. Qh3 Nc6 17. f4 Nb8 18. Ng3 Ba6 19. Bxa6 Nxa6 20. f5 Rxc1 21. Rxc1 Bg5
22. Ngf1 exf5 23. Qxf5 Ne6 24. Nf3 Be7 25. Ng3 Nb8 26. Qg4 Kh8 27. Nf5 Bf8 28.
Rc3 Qd7 29. Ng5 Nxg5 30. Qxg5 Nc6 31. Qf4 Nd8 32. Ng3 Ne6 33. Qf2 g6 34. h4 h5
35. Ne2 Be7 36. Qxf7 Rg8 37. g3 Nd8 38. Qf4 Bf8 39. Qf6+ Kh7 40. Bc1 Bg7 41. Qf2
Rf8 42. Rf3 Re8 43. Nc3 Qe6 44. Nb5 Qc6 45. Nc3 Qe6 46. Bg5 Nc6 1/2-1/2

[Event "39th Olympiad Women"]
[Site "Khanty-Mansiysk RUS"]
[Date "2010.09.25"]
[Round "5"]
[White "Reid, Vaness"]
[Black "Smith, Vivian J"]
[Result "1/2-1/2"]
[WhiteTitle "WFM"]
[BlackTitle "WFM"]
[WhiteElo "1839"]
[BlackElo "1827"]
[Board "35.4"]
[WhiteTeam "AUS"]
[BlackTeam "NZL"]
[WhiteFideId "3205835"]
[BlackFideId "4301935"]
[EventDate "2010.09.21"]
[EventType "team"]

1. d4 Nf6 2. c4 c5 3. d5 b5 4. cxb5 a6 5. b6 Qxb6 6. Nc3 d6 7. Qc2 g6 8. e4 Bg7
9. h3 O-O 10. Nf3 Nbd7 11. Be2 Bb7 12. O-O Qc7 13. Bf4 Nb6 14. Rad1 Nfd7 15.
Rfe1 Rac8 16. Bf1 Rfe8 17. Qd2 Ra8 18. Qe3 f6 19. Bh6 Ne5 20. Nd2 Nf7 21. Ne2
Bc8 22. f4 Bd7 23. Ng3 Bb5 24. b3 Bxf1 25. Bxg7 Kxg7 26. Rxf1 Nd7 27. Nc4 Rab8
28. h4 Rh8 29. Qe2 Qc8 30. Qf2 Nh6 31. Qb2 Nf7 32. Rde1 Rf8 33. h5 Nb6 34. Qc3
Nxc4 35. bxc4 Qc7 36. hxg6 hxg6 37. Re3 Rh8 38. Ne2 Rh4 39. Rh3 Rxh3 40. Qxh3
Rh8 41. Qa3 Qc8 42. Rf3 Rh4 43. Kf2 Nh6 44. Ng1 Ng4+ 45. Ke2 Nh2 46. Rf2 Ng4 47.
Rf1 Nh2 1/2-1/2

[Event "39th Olympiad Women"]
[Site "Khanty-Mansiysk RUS"]
[Date "2010.09.25"]
[Round "5"]
[White "Shabanaj, Eglantina"]
[Black "Jennitha, Anto K."]
[Result "1-0"]
[WhiteElo "2070"]
[BlackElo "1966"]
[Board "36.1"]
[WhiteTeam "ALB"]
[BlackTeam "IPCA"]
[WhiteFideId "4700562"]
[BlackFideId "5018218"]
[EventDate "2010.09.21"]
[EventType "team"]

1. Nf3 Nf6 2. g3 g6 3. Bg2 Bg7 4. O-O O-O 5. Re1 d5 6. d3 b6 7. Nbd2 Bb7 8. c3
Nbd7 9. Qc2 Re8 10. e4 dxe4 11. dxe4 e5 12. b4 Qe7 13. a4 a6 14. Bf1 Red8 15.
Bc4 h6 16. Qb3 c6 17. Ba3 b5 18. Bf1 Nf8 19. Bb2 Ne8 20. c4 Nd6 21. Rac1 Kh7 22.
c5 Ne8 23. Rcd1 f6 24. Nh4 Ne6 25. Ndf3 N8c7 26. Bh3 Rxd1 27. Rxd1 Rd8 28. Rxd8
Nxd8 29. Nxg6 bxa4 30. Nxe7 axb3 31. Bf5+ Kh8 32. Nd2 Nde6 33. Nxb3 Bf8 34. Ng6+
Kg7 35. f4 exf4 36. gxf4 Kf7 37. Na5 Ba8 38. Nc4 Bg7 39. Nd6+ Kg8 40. Kf2 Nd8
41. Ne7+ Kf8 42. Nec8 Nb5 43. e5 fxe5 44. fxe5 Nc7 45. Nb6 Bb7 46. Kf3 Ke7 47.
Ke4 h5 48. Bc1 Nce6 49. Be3 a5 50. bxa5 Ba6 51. h4 Nb7 52. Nxb7 Bxb7 53. Bg6 1-0

[Event "39th Olympiad Women"]
[Site "Khanty-Mansiysk RUS"]
[Date "2010.09.25"]
[Round "5"]
[White "Zykina, Nadezhda"]
[Black "Shabanaj, Alda"]
[Result "1/2-1/2"]
[WhiteTitle "WFM"]
[WhiteElo "2103"]
[BlackElo "1926"]
[Board "36.2"]
[WhiteTeam "IPCA"]
[BlackTeam "ALB"]
[WhiteFideId "24150789"]
[BlackFideId "4700597"]
[EventDate "2010.09.21"]
[EventType "team"]

1. e4 d6 2. d4 Nf6 3. Nc3 g6 4. Be2 Bg7 5. h4 b6 6. Be3 Bb7 7. f3 Nbd7 8. Qd2 c6
9. Nh3 Qc7 10. Bh6 Bxh6 11. Qxh6 O-O-O 12. O-O-O Kb8 13. Qd2 e6 14. g4 h5 15. g5
Nh7 16. d5 exd5 17. exd5 cxd5 18. Nxd5 Qc5 19. b4 Qxd5 20. Qxd5 Bxd5 21. Rxd5
Rhe8 22. Bb5 Re5 23. Nf4 Nhf8 24. a4 Rxd5 25. Nxd5 Ne6 26. f4 Nd4 27. Re1 Ne6
28. Ne7 Kc7 29. Nxg6 a5 30. bxa5 bxa5 31. f5 Nd4 32. Bxd7 fxg6 33. Be8 Nxf5 34.
Bxg6 Nxh4 35. Bxh5 Rg8 36. Rg1 Kd7 37. Bf7 Rg7 38. Bd5 Ng6 39. Kd2 Nf4 40. Bf3
Ke7 41. Rg4 Ne6 42. g6 Kf6 43. Be4 Nc5 44. Bd3 Nd7 45. Ke3 Ne5 46. Rg2 Rb7 47.
Be4 Rg7 48. Kd4 Nd7 49. Rf2+ Ke7 50. Rh2 Nc5 51. Re2 Kf6 52. Rf2+ Ke7 53. Rf7+
Rxf7 54. gxf7 Kxf7 55. Bc6 Na6 56. Bb7 Nc7 57. c4 Ke7 58. c5 Ne6+ 59. Kc4 Nxc5
60. Bc6 Kd8 61. Kb5 Kc7 62. Bd5 1/2-1/2

[Event "39th Olympiad Women"]
[Site "Khanty-Mansiysk RUS"]
[Date "2010.09.25"]
[Round "5"]
[White "Cimaj, Rozana"]
[Black "Kaydanovich, Marina"]
[Result "1-0"]
[WhiteElo "1972"]
[BlackElo "1837"]
[Board "36.3"]
[WhiteTeam "ALB"]
[BlackTeam "IPCA"]
[WhiteFideId "4700147"]
[BlackFideId "4134877"]
[EventDate "2010.09.21"]
[EventType "team"]

1. e4 d5 2. exd5 Qxd5 3. Nc3 Qa5 4. Nf3 Nf6 5. Bc4 Nc6 6. O-O Bg4 7. Be2 O-O-O
8. d3 h6 9. Be3 e6 10. a3 Bd6 11. h3 Bxf3 12. Bxf3 Qe5 13. g3 g5 14. Bxc6 bxc6
15. Qf3 Kb7 16. Rfe1 Be7 17. Bxa7 Qa5 18. Be3 Rhg8 19. b4 Qa8 20. b5 Rd6 21. Bc5
Nd5 22. Bxd6 Bxd6 23. bxc6+ Kxc6 24. Nxd5 exd5 25. c4 Qa5 26. Qxf7 Rf8 27. cxd5+
Kb7 28. Qd7 Bxg3 29. Qc6+ Ka7 30. fxg3 Rf3 31. Kg2 Rxd3 32. Re2 Rc3 33. Qe6 h5
34. d6 cxd6 35. Qxd6 Rc7 36. Qd4+ Ka8 37. Re8+ Kb7 38. Rb1+ Kc6 39. Re6# 1-0

[Event "39th Olympiad Women"]
[Site "Khanty-Mansiysk RUS"]
[Date "2010.09.25"]
[Round "5"]
[White "Melnik, Galina"]
[Black "Pasku, Roela"]
[Result "1/2-1/2"]
[WhiteTitle "WFM"]
[BlackTitle "WCM"]
[WhiteElo "1994"]
[BlackElo "1912"]
[Board "36.4"]
[WhiteTeam "IPCA"]
[BlackTeam "ALB"]
[WhiteFideId "4121929"]
[BlackFideId "4700708"]
[EventDate "2010.09.21"]
[EventType "team"]

1. d4 Nf6 2. Nf3 g6 3. c4 Bg7 4. Nc3 d6 5. e4 O-O 6. Be2 c5 7. O-O Na6 8. Be3 b6
9. d5 Bg4 10. Nd2 Bxe2 11. Qxe2 Qc8 12. Nf3 Ng4 13. Bf4 Nc7 14. h3 Ne5 15. Nxe5
dxe5 16. Bg5 f6 17. Bh4 Ne8 18. Bg3 Nd6 19. Rad1 a6 20. f4 Qd7 21. fxe5 fxe5 22.
Rxf8+ Rxf8 23. a4 Rb8 24. Ra1 Nb7 25. Rb1 Qd6 26. Rf1 Na5 27. Qd3 Rf8 28. Rxf8+
Bxf8 29. Nd1 Bh6 30. b3 Qf6 31. Nf2 Bg7 32. Ng4 Qg5 33. Qc3 h5 34. Nf2 Nb7 35.
h4 Qf6 36. Nd3 Nd6 37. Qe1 Nf7 38. b4 cxb4 39. Nxb4 b5 40. axb5 axb5 41. c5 Nh6
42. Qe2 Ng4 43. Qxb5 Bh6 44. Nc2 Bf4 45. Qd3 Bxg3 46. Qxg3 Qa6 47. Ne1 Qc4 48.
Qf3 Qxc5+ 49. Kh1 Qc1 50. Qe2 Qf4 51. Nf3 Nf6 52. Qc4 Kg7 53. Qc7 Nxe4 54. Qxe7+
Kh6 55. Qxe5 Qxe5 56. Nxe5 Kg7 57. Kg1 Kf6 58. Nc6 g5 59. hxg5+ Kxg5 60. g3 Nxg3
61. d6 Ne2+ 62. Kh2 Nf4 1/2-1/2